|
|
|
|
| LEADER |
01176nam a22002537a 4500 |
| 001 |
AAL5540 |
| 003 |
BD-DhAAL |
| 005 |
20240129163010.0 |
| 008 |
160311s 2005bg ||||| |||| 00| 0 ben d |
| 020 |
|
|
|a 9848243305
|
| 040 |
|
|
|a BD-DhAAL
|c BD-DhAAL
|
| 082 |
|
|
|a 320.95492
|
| 245 |
|
|
|a বিশেষ জনের বিশেষ সাক্ষাৎকার /
|c সম্পাদনায় রোবায়েত ফেরদৌস, ফিরোজ জামান চৌধুরী.
|
| 260 |
|
|
|a ঢাকা :
|b সমাবেশ প্রকাশন,
|c ২০০৫
|
| 300 |
|
|
|a ১৯৪ পৃ. ;
|c ২২ সে.মি.
|
| 541 |
|
|
|e 5540
|
| 651 |
|
|
|a Bangladesh
|x Politics and government
|y 1971.
|9 18404
|
| 651 |
|
|
|a Bangladesh
|x Social conditions
|y 20th century.
|9 18405
|
| 700 |
|
|
|a ফেরদৌস, রোবায়েত.
|9 18406
|
| 700 |
|
|
|a চৌধুরী, ফিরোজ জামান.
|9 18407
|
| 852 |
|
|
|a Savar Campus Library
|c General Shelf
|
| 942 |
|
|
|2 ddc
|c BK
|
| 999 |
|
|
|c 37063
|d 37063
|
| 952 |
|
|
|0 0
|1 0
|2 ddc
|4 0
|6 320_954920000000000_BIS
|7 0
|9 58314
|a SCL
|b SCL
|c GEN
|d 2016-03-11
|g 175.00
|l 0
|o 320.95492 BIS
|p 3020005540
|r 2016-03-11
|t 1
|w 2016-03-11
|y BK
|